000 00533nam a2200193Ia 4500
003 LDD
008 181029s9999 xx 000 0 und d
020 _a9749863062
_c
_50.00
040 _cLDD
100 _aConway, Susan
245 0 _aShan
_bculture, art and crafts
_cSusan Conway
260 _aBangkok
_bRiver Books
_c2006
300 _a212p.
365 _b
_50.00
901 _a7406
_b24-08-2011
902 _a6840
_b07-09-2011
_cF
_dSELECT
_ePVA
903 _aDiscount-15
_bReqst by : Laxman Prasad
942 _2ddc
_cBK
999 _c97397
_d97397